| 000 | 00348nam a2200133 i 4500 | ||
|---|---|---|---|
| 001 | bg | ||
| 100 | 1 |
_aHueckel, Stanisław _d(1911-1980). |
|
| 245 | 0 |
_aZakotwienia gruntów w hydrotechnice. _nCz.2 / _cStanisław Hueckel. |
|
| 260 |
_aWarszawa, _c1978. |
||
| 040 | _cBPK | ||
| 041 | _apol | ||
| 942 | _cKS | ||
| 008 | s pl f |000 0 pol | ||
| 999 |
_c17950 _d17950 |
||
| 856 |
_uhttp://koha.tu.koszalin.pl/cgi-bin/koha/opac-detail.pl?biblionumber=17950 _yKatalog online BPK |
||